Aplikácia behaviorálnych riešení na zvýšenie ochoty platiť dane diplomová práca

Na minha lista:
Detalhes bibliográficos
Autor principal: Majerníková, Veronika
Autor Corporativo: Národohospodárska fakulta EU. Katedra financií
Outros Autores: Péliová, Jana, 1976-
Formato: Livro
Idioma:eslovaco
Publicado em: Bratislava 2023
Tags: Adicionar Tag
Sem tags, seja o primeiro a adicionar uma tag!

MARC

LEADER 00000nbm a2200000 4500
001 0292979
005 20231107133418.5
041 0 |a slo 
044 |a SK 
245 1 0 |a Aplikácia behaviorálnych riešení na zvýšenie ochoty platiť dane  |b diplomová práca  |c Veronika Majerníková ; školiteľ: Jana Péliová 
264 1 |a Bratislava  |c 2023 
300 |a 50 s. 
100 1 |a Majerníková, Veronika 
700 1 |a Péliová, Jana, 1976- 
710 2 |a Národohospodárska fakulta EU. Katedra financií